Spellen Logo Quiz - Statistieken

Algemene statistieken
  • Deze quiz is 701 keer genomen
  • De gemiddelde score is 6 van 8
Antwoordstatistieken
Foto Antwoord % Correct
Monopoly
97%
Minecraft
95%
Uno
95%
Pokemon Go
91%
Super Mario
91%
Roblox
84%
Fortnite
43%
Wheel of Fortune
15%
Geen overeenkomende quizzen gevonden
Scoreverdeling
Procent van Mensen met Elke Score
Percentiel versus Aantal Correcte Antwoorden
Uw Scoregeschiedenis
U heeft deze quiz nog niet genomen